000
00221nam a2200085 4500
001
1257660
005
20260218083636.0
245
_a
kayıp isimler krallığı gözyaşı vampirleri
_c
figen yaman coşar
260
_b
erdem genç
999
_c
1257660
_d
1257660